000 00469cam a2200181ua 4500
001 6355
008 131206n ii |||gr||||Z||||||eng
020 _a978-81-203-1248-7
040 _cMAIN
082 _a651.7
245 _aBusiness communication
_cBy Asha kaul
260 _aNew delhi:
_bPrentice-hall of India private limited,
_c2007.
300 _ax,125p.
653 _aCommerce
653 _aBusiness communication
700 _aKaul,Asha,
_eAuthor.
942 _cBK
999 _c5507
_d5507